000 006170000a22001570004500
003 MACL
005 20180118154513.0
008 180118b xxu||||| |||| 00| 0 eng d
040 _cmacl
100 _aसिंह ,निशातं
_969290
245 _aरोहित ज्ञानविज्ञान एन्‍साइक्‍लोपीडियां जीवों की अनोखी दुनिया
260 _aदिल्‍ली
_bऋचा साहित्‍य सदन
_c2012
350 _b395
650 _aचिल्‍डन बुक
_9314
942 _cHIN
_k741.642
_2ddc
999 _c47227
_d47227